Zbornik Matice srpske za književnost i jezik

Bibliographic Details
Format: Journal
Language:Serbian
PhysicalDescription:zv. 24 cm
Published: Novi Sad Matica srpska
ISSN:0543-1220

MARC

LEADER 00000nas a2200000 a 4500
001 vtls008849855
003 SK-MaSNL
005 20260221115806.0
008 060927c19uu9999yu tr p 0 c0scc c
022 |a 0543-1220 
040 |a SNK  |b slo  |c SNK  |e AACR2 
041 0 |a scc 
044 |a yu  |c YU 
245 0 0 |a Zbornik Matice srpske za književnost i jezik 
260 |a Novi Sad  |b Matica srpska 
300 |a zv.  |c 24 cm 
310 |a 3x ročne 
500 |a Popis podľa: Knj. 54, sveska 1 (2006) 
910 |a snk 
999 |c 5142  |d 7072 
952 |0 0  |1 1  |4 0  |7 0  |8 2  |a SNK  |b SNK  |d 2008-10-21  |g 14.27  |i snk2008/20403  |l 0  |o snkČC 1623/40/1992/3  |p 17A0600224  |r 2026-02-21 20:14:38  |w 2026-02-21  |y PREZ 
952 |0 0  |1 1  |4 0  |7 0  |a SNK  |b SNK  |d 2011-10-20  |i snkV 510/71  |l 0  |o snkčc 1623/17/1969/2  |p 17A0709923  |r 2026-02-21 20:29:43  |t č. 17  |w 2026-02-21  |y PREZ 
952 |0 0  |1 1  |4 0  |7 0  |8 2  |a SNK  |b SNK  |d 2011-10-20  |i snkV 3174/70  |l 0  |o snkČC 1623/17/1969/1  |p 17A0709924  |r 2026-02-21 20:29:43  |t č. 17  |w 2026-02-21  |y PREZ 
952 |0 0  |1 1  |4 0  |7 0  |8 2  |a SNK  |b SNK  |d 2011-10-20  |i snkV 1747/67  |l 0  |o snkČC 1623/14/1966/2  |p 17A0709912  |r 2026-02-21 20:29:43  |t č. 14  |w 2026-02-21  |y PREZ 
952 |0 0  |1 1  |4 0  |7 0  |8 2  |a SNK  |b SNK  |d 2011-10-20  |i snkV 8/66  |l 0  |o snkČC 1623/14/1966/1  |p 17A0709913  |r 2026-02-21 20:29:43  |t č. 14  |w 2026-02-21  |y PREZ 
952 |0 0  |1 1  |4 0  |7 0  |a SNK  |b SNK  |d 2001-03-21  |l 0  |o snkČC 1623/15/1967/2  |p 17A0294198  |r 2005-01-02 00:00:00  |w 2026-02-21  |y PREZ 
952 |0 0  |1 1  |4 0  |7 0  |a SNK  |b SNK  |d 2008-10-21  |l 0  |o snkČC 1623/15/1967/1  |p 17A0294154  |r 2026-02-21 20:49:59  |w 2026-02-21  |y PREZ 
952 |0 0  |1 1  |4 0  |7 0  |8 2  |a SNK  |b SNK  |d 2008-10-21  |g 7.97  |i snk2008/20404  |l 0  |o snkČC 1623/55/2007/1  |p 17A0600223  |r 2026-02-21 20:49:59  |w 2026-02-21  |y PREZ